00597nai a2200145Ia 4500003000900000008004100009022002300050040001600073245007200089260008600161310001300247362002200260521006900282856010000351IN-BaIIA211028c9999 xx s 000 0 eng d a2644-1284 (Online) cIIA Library 0aIEEE Open Journal of the Industrial Electronics Societyh[eJournal] aNew York, USAbThe Institute of Electrical and Electronics Engineers, Inc. (IEEE) aAnnually a1; 2020 - Present bSubscribed through National Knowledge Resource Consortium (NKRC) uhttps://ieeexplore.ieee.org/xpl/RecentIssue.jsp?punumber=8782706yClick Here to Access eJournal